| 000 -LEADER |
| fixed length control field |
00798cam a22002417i 4500 |
| 020 ## - INTERNATIONAL STANDARD BOOK NUMBER |
| ISBN |
9783869622415 |
| 020 ## - INTERNATIONAL STANDARD BOOK NUMBER |
| ISBN |
3869622415 |
| 040 ## - CATALOGING SOURCE |
| Transcribing agency |
OHX |
| 082 ## - DEWEY DECIMAL CLASSIFICATION NUMBER |
| Classification number |
649 HER 2017 A083 Or. |
| 245 00 - TITLE STATEMENT |
| Title |
Bewegtbilder und Alltagskultur(en) : |
| Remainder of title |
von Super 8 über Video zum Handyfilm : Praktiken von Amateuren im Prozess der gesellschaftlichen Ästhetisierung / |
| 260 ## - PUBLICATION, DISTRIBUTION, ETC. (IMPRINT) |
| Place of publication |
Köln : |
| Name of publisher |
Herbert von Halem Verlag, |
| Year of publication |
2017. |
| 300 ## - PHYSICAL DESCRIPTION |
| Number of Pages |
318 pages : |
| Other physical details |
illustrations ; |
| Dimensions |
22 cm. |
| 490 1# - SERIES STATEMENT |
| Series statement |
Klagenfurter Beiträge zur visuellen Kultur, |
| 500 ## - GENERAL NOTE |
| General note |
International conference proceedings. |
| 650 #0 - SUBJECT ADDED ENTRY--TOPICAL TERM |
| Topical Term |
Amateur films |
| 650 #0 - SUBJECT ADDED ENTRY--TOPICAL TERM |
| Topical Term |
Motion pictures |
| 650 #0 - SUBJECT ADDED ENTRY--TOPICAL TERM |
| Topical Term |
Motion pictures |
| 650 #0 - SUBJECT ADDED ENTRY--TOPICAL TERM |
| Topical Term |
Video recordings |
| 650 #0 - SUBJECT ADDED ENTRY--TOPICAL TERM |
| Topical Term |
Cell phones |
| 650 #0 - SUBJECT ADDED ENTRY--TOPICAL TERM |
| Topical Term |
Smartphones |
| 650 #0 - SUBJECT ADDED ENTRY--TOPICAL TERM |
| Topical Term |
Amateur films |
| 942 ## - ADDED ENTRY ELEMENTS (KOHA) |
| Koha item type |
សៀវភៅភាសាអង់គ្លេស |
| 952 ## - LOCATION AND ITEM INFORMATION (KOHA) |
| Withdrawn status [LOCAL, KOHA] |
0 |